00321aam a2200121 a 4500040000800000082002600008100002000034245002000054250001100074260005100085300004500136650001800181 cDLC a570 PUB 1995 A082 Or.1 aMader, Sylvia S10aHuman biology / a4th ed aDubuque, IA :bWm. C. Brown Publishers,cc1995 axxi, 520 p. :bill. (some col.) ;c28 cm 0aHuman biology